| 000 | 00789nam a2200241 i 4500 | ||
|---|---|---|---|
| 001 | 135220 | ||
| 003 | ES-MaACL | ||
| 005 | 20240126063011.0 | ||
| 007 | t| | ||
| 008 | 070712s1956 sp ||||1| spa d | ||
| 080 | _a882-31"18" | ||
| 100 | 1 |
_aTolstói, Lev, _d1828-1910 _9110489 |
|
| 245 | 1 | 3 |
_aLa guerra y la paz / _cLev Nikolaevich Tolstoï ; [traducción directa del ruso por Serge T. Baranov y N. Balmanya ; introducción y notas de Luis de Castresana. |
| 250 | _a[1ª ed.]. | ||
| 260 |
_aBarcelona : _bA. H. R., _c[1956] |
||
| 300 |
_a2 t. : _bil. ; _c22 cm. |
||
| 500 | _aRet. del autor. | ||
| 700 | 1 |
_aBaranov, Serge T. _925322 |
|
| 700 | 1 |
_aBalmanya, N. _925094 |
|
| 700 | 1 |
_aCastresana, Luis. _936805 |
|
| 852 |
_aES-MaACL _jC-10296-7 _bR.38753 |
||
| 999 |
_c135220 _d135220 |
||